Kluby II ligi w sezonie 2021/22 - Statystyki

Ogólne statystyki
  • Ten quiz został rozwiązany 39 razy
  • Średni wynik to 10 z 18
Statystyki odpowiedzi
Klub % Poprawnych
Ruch Chorzów
82%
Motor Lublin
79%
Chojniczanka
71%
Stal Rzeszów
71%
Lech Poznań 2
68%
Śląsk Wrocław 2
63%
GKS Bełchatów
61%
Hutnik Kraków
55%
Garbarnia Kraków
53%
Radunia Stężyca
53%
Wisła Puławy
53%
Znicz Pruszków
53%
KKS Kalisz
47%
Olimpia Elbląg
47%
Pogoń Grodzisk Mazowiecki
47%
Pogoń Siedlce
47%
Wigry Suwałki
47%
Sokół Ostróda
42%
Nie znaleziono quizów pasujących do podanych kryteriów
Rozkład punktacji
Procent ludzi z każdym wynikiem
Percentyl według liczby udzielonych odpowiedzi
Twoja historia wyników
Nie rozwiązałeś tego quizu